00396nam a2200157Ia 45000010006000000050017000060080041000230410008000640820015000721000042000872450056001292600009001853000028001946500008002226540008002302544120260414151150.0260414t2014||||xx |||||||||||||| ||spa|| aESP a346.5bT19 aTantalián Odar, Reynaldo MarioeAUT 0aNulidad del acto jurídico :bproblemas casatorios c2014 a455 páginas :c23 cm. aDER aCDE